000 00330nam a22001457a 4500
003 OSt
005 20220110145256.0
008 220110b |||||||| |||| 00| 0 eng d
020 _a0195646312
040 _cHU
082 _a333.91
100 _aVaidyanathan
_927443
245 _aWater Resiyrce Management
942 _2ddc
_cBOOKS
_n0
999 _c26338
_d26338